000
00287nam a22001337a 4500
041
_a
ENG
100
_a
Kennedy
245
_a
Electronic Communiction Systems
260
_a
Delhi
_b
Tata McGraw Hill Publes
_c
1999
300
_a
763
650
_a
EOES
700
_a
Davis
856
_u
EOES
999
_c
611
_d
611